| 000 | 00936nam a22003017a 4500 | ||
|---|---|---|---|
| 001 | 8234 | ||
| 003 | FISKH | ||
| 005 | 20250904112946.0 | ||
| 008 | 250904b cb ||||| |||| 00| 0 eng d | ||
| 020 | _a0517709775 | ||
| 040 |
_aFISKH _beng _cFISKH _dFISKH |
||
| 050 | _aPZ8.R124 B | ||
| 082 | _a782.420268 | ||
| 100 | _aWolff, Ashley | ||
| 245 |
_aBaby Beluga / _cIllustrated by Ashley Wolff |
||
| 250 | _aFirst paperback edition, February 1992 | ||
| 260 |
_aNew York : _bCrown Publishers, Inc., _c1980. |
||
| 300 |
_a32 unnumbered pages : _bcolor illustrations ; _c18 x 23 cm . |
||
| 490 | _aRaffi Songs to Read | ||
| 505 | _aH | ||
| 520 | _aPresents the illustrated text to the song about the little white whale who swims wild and free. | ||
| 521 | 8 |
_a430
_bLexile estimate |
|
| 521 | 8 |
_aH
_bRaz-Plus |
|
| 650 |
_aSongs _vFiction |
||
| 650 |
_aWhales _vFiction |
||
| 942 |
_2ddc _cBK _n0 |
||
| 999 |
_c8234 _d8234 |
||